000 00906cam a2200217 4500
001 ABS61759
008 000000n2000 000 0 eng u
035 _a(Sirsi) u103805
100 _aBresnen, M.
245 _aPartnering in construction: a critical review of issues, problems and dilemmas
260 _c2000
490 _aConstruction Management and Economics
_v(18) January 2000, 229-237(7)
520 _aExplores the link between partnering and cultural change within the construction industry. Draws upon theory and research from the social sciences to examine some of the problems that emerge when the complexities of organisations are taken into account.
590 _aABS
650 _aPARTNERING
650 _aCONSTRUCTION INDUSTRY
650 _aBUILDING CONTRACTORS
650 _aBUILDING AND CONSTRUCTION-PROCUREMENT, PARTNERING, TENDERING
700 _aMarshall, N.
942 _n0
999 _c62336
_d62336